|
|
|
|
| LEADER |
00992nam a2200241 a 4500 |
| 001 |
13489077 |
| 008 |
090601s2005 caua b 001 0 eng d |
| 010 |
|
|
|a \\2004003259
|
| 020 |
|
|
|a 0761922490 (pbk. : alk. paper)
|
| 020 |
|
|
|a 8178294591 (pbk.)
|
| 040 |
|
|
|a DLC
|c DLC
|d DLC
|
| 082 |
0 |
0 |
|a 658.4/03/0072
|2 22
|
| 100 |
1 |
|
|a Polonsky, Michael J.
|
| 245 |
1 |
0 |
|a Designing and managing a research project :
|b a business student's guide /
|c Michael Jay Polonsky, David S. Waller.
|
| 260 |
|
|
|a Thousand Oaks, Calif. :
|b Sage Publications, Inc.,
|c c2005.
|
| 300 |
|
|
|a xi, 232 p. :
|b ill. ;
|c 26 cm.
|
| 504 |
|
|
|a Includes bibliographical references and index.
|
| 541 |
1 |
|
|e 00013309
|
| 650 |
|
0 |
|a Business
|x Research
|x Methodology.
|
| 700 |
1 |
|
|a Waller, David S.
|
| 852 |
4 |
|
|a Ayesha Abed Library
|j General shelf
|
| 999 |
|
|
|c 9840
|d 9840
|
| 952 |
|
|
|0 0
|1 0
|2 ddc
|4 0
|6 658_403007200000000_POL
|7 0
|9 12615
|a BRACUL
|b BRACUL
|c GEN
|d 2010-10-21
|g 473.00
|l 3
|m 19
|o 658.4030072 POL
|p 3010013309
|r 2012-12-05
|s 2012-11-18
|t 1
|w 2010-10-21
|y BK
|